1660 1821 1063 1389 1223 1222 1876 1932 1098 1155 1368 1787 1111 1728 1127 1955 1059 1187 1208 1005 1429 1004 1742 1208 1188 1204 1881 1588 1323 1943 1694 1237 1672 1877 2000 1312 1110 1734 1252 1693 1306 1999 1889 1179 1902 1661 1018 1348 1322 1570 1107 1751 1199 1070 1427 1894 1661 1921 1478 1760 1222 1976 1320 1931 1549 1965 1383 1875 1201 1034 1709 1361 1820 1919 1382 1677 1100 1845 1977 1062 1276 1182 1744 1241 1003 1572 1203 1082 1215 1319 1680 1201 1649 1200 1822 1151 1290 1757 1391 BCNSPRNW ULIB Ver.6.0+V

เปลี่ยนเป็นภาษาไทย

Change to English
 แสดงรายละเอียดบรรณานุกรม
  กลับหน้าหลัก

Brief Record : Get Marc (ISO 2709) : E-mail record : QR code < ปิดหน้าต่าง
LEADER : 00000nam 2200000uu 4500
001    13399110416
003     ULIB
008    110526s2007||||th 000 0 eng d
020    1416028854
060 04 QT104^bH549h 2007
100 1  Herlihy, Barbara
245 10 The human body in health and illness /^cBarbara Herlihy,Nancy K. Maebius ; illustrated by Caitlin Duckwall
250    3rd ed.
260    Philadelphia :^bSaunders,^c2007
300    xix, 537 p. :^bcol. ill. ;^c28 cm. +^e1 computer laseroptical disk (4 3/4 in.)
650  2 Physiology
650  2 Pathology
700 1  Maebius, Nancy K.
945    ^p0^l0^i18166
995    Kesorn
999 ^a ใช้งานได้ทุกระบบ
รายการนี้ยังไม่มีแท็ก
คุณยังไม่ได้ล็อกอิน คุณสามารถมีกิจกรรมร่วมกับเว็บไซต์ได้ แต่ต้องล็อกอินก่อน ::
  ล็อกอิน

รายการสื่อสารสนเทศ

ลำดับที่ ประเภท เลขเรียก/บาร์โค้ด สถานที่ สถานะ
1. วิทยาศาสตร์การแพทย์ และสุขภาพ
วิทยาศาสตร์การแพทย์ และสุขภาพ
QT104 H549h 2007  
  Barcode: 18166
ห้องสมุดวิทยาเขตสวรรค์ประชารักษ์
►นวนิยาย
บนชั้น
  ขอยืม

รายการใกล้เคียง
    ผู้แต่ง [Herlihy, Barbara]

    หัวเรื่อง [Physiology]
    หัวเรื่อง [Pathology]

BibComment


ยังไม่เคยถูกคอมเมนท์

คอมเมนท์ทรัพยากรรายการนี้
  คอมเมนท์: The human body in..


 Copyright 2026. Bcnsprnw @Library